MARC details
| 000 -CABECERA |
| campo de control de longitud fija |
01189cam a2200301 a 4500 |
| 003 - IDENTIFICADOR DEL NÚMERO DE CONTROL |
| campo de control |
MX-MxUPN |
| 005 - FECHA Y HORA DE LA ÚLTIMA TRANSACCIÓN |
| campo de control |
20260328064229.0 |
| 008 - ELEMENTOS DE LONGITUD FIJA--INFORMACIÓN GENERAL |
| campo de control de longitud fija |
120810s2011 mx o r 000 0 spa d |
| 020 ## - NÚMERO INTERNACIONAL NORMALIZADO PARA LIBROS |
| Número Internacional Estándar del Libro |
9786074775068 (UAM) |
| 020 ## - NÚMERO INTERNACIONAL NORMALIZADO PARA LIBROS |
| Número Internacional Estándar del Libro |
9786074861327 (CIESAS) |
| 035 ## - NÚMERO DE CONTROL DEL SISTEMA |
| Número de control de sistema |
UPN01000186128 |
| 040 ## - FUENTE DE LA CATALOGACIÓN |
| Centro catalogador/agencia de origen |
MX-MxUPN |
| Lengua de catalogación |
spa |
| 041 ## - CÓDIGO DE IDIOMA |
| Código de lengua del texto/banda sonora o título independiente |
spa |
| 050 #4 - SIGNATURA TOPOGRÁFICA DE LA BIBLIOTECA DEL CONGRESO |
| Número de clasificación |
F1256 |
| Número de documento/Ítem |
L8.2 |
| 245 00 - MENCIÓN DE TÍTULO |
| Título |
Luchas "muy otras" : |
| Resto del título |
Zapatismo y autonomía en las comunidades indígenas de Chiapas |
| 250 ## - MENCIÓN DE EDICIÓN |
| Mención de edición |
Primera edición |
| 260 ## - PUBLICACIÓN, DISTRIBUCIÓN, ETC. |
| Lugar de publicación, distribución, etc. |
México, D.F. : |
| Nombre del editor, distribuidor, etc. |
Centro de Investigaciones y Estudios Superiores en Antropología Social : |
| -- |
Universidad Autónoma Metropolitana, Unidad Xochimilco |
| 260 ## - PUBLICACIÓN, DISTRIBUCIÓN, ETC. |
| Lugar de publicación, distribución, etc. |
San Cristóbal de las Casas Chiapas : |
| Nombre del editor, distribuidor, etc. |
Universidad Autónoma de Chiapas , |
| Fecha de publicación, distribución, etc. |
2011 |
| 300 ## - DESCRIPCIÓN FÍSICA |
| Extensión |
577 páginas : |
| Otras características físicas |
fotografías |
| 490 0# - MENCIÓN DE SERIE |
| Mención de serie |
Colección Teoría y análisis |
| 610 24 - ASIENTO SECUNDARIO DE MATERIA - NOMBRE CORPORATIVO |
| Nombre de entidad corporativa o nombre de jurisdicción como elemento de entrada |
Ejército Zapatista de Liberación Nacional (México) |
| 9 (RLIN) |
6134 |
| 650 #4 - ASIENTO SECUNDARIO DE MATERIA - TERMINO TEMATICO |
| Término de materia o nombre geográfico como elemento de entrada |
Educación primaria |
| Subdivisión geográfica |
Chiapas |
| 9 (RLIN) |
18487 |
| 650 #2 - ASIENTO SECUNDARIO DE MATERIA - TERMINO TEMATICO |
| Término de materia o nombre geográfico como elemento de entrada |
Autonomía |
| 9 (RLIN) |
3054 |
| 651 #4 - ASIENTO SECUNDARIO DE MATERIA - NOMBRE GEOGRAFICO |
| Nombre geográfico |
Chiapas |
| Subdivisión general |
Historia |
| Subdivisión cronológica |
Levantamiento campesino, 1994 |
| 9 (RLIN) |
6135 |
| 700 1# - ASIENTO SECUNDARIO--NOMBRE DE PERSONAL |
| Nombre de persona |
Baronnet, Bruno |
| Código de función/relación |
coordinación |
| 9 (RLIN) |
50709 |
| 902 ## - ELEMENTOS DE DATOS B LOCAL, LDB (RLIN) |
| Modificó |
VíctorGodínez/270326 |
| 942 ## - ELEMENTOS DE PUNTO DE ACCESO ADICIONAL (KOHA) |
| Fuente del sistema de clasificación o colocación |
Library of Congress Classification |
| Tipo de ítem Koha |
Libro |